<?xml version="1.0" encoding="UTF-8"?>
<record
    xmlns:xsi="http://www.w3.org/2001/XMLSchema-instance"
    xsi:schemaLocation="http://www.loc.gov/MARC21/slim http://www.loc.gov/standards/marcxml/schema/MARC21slim.xsd"
    xmlns="http://www.loc.gov/MARC21/slim">

  <leader>00472nam a22001097a 4500</leader>
  <datafield tag="999" ind1=" " ind2=" ">
    <subfield code="c">6905</subfield>
    <subfield code="d">6905</subfield>
  </datafield>
  <controlfield tag="008">200403b           ||||| |||| 00| 0 eng d</controlfield>
  <datafield tag="245" ind1=" " ind2=" ">
    <subfield code="a">Tanzania Main Statistical Tables:</subfield>
    <subfield code="b">Selected from National, Regional and District Profiles 2002 Population and Housing Census/</subfield>
    <subfield code="c">Ministry of Planning, Economy and Empowerment.-</subfield>
    <subfield code="h">English.</subfield>
  </datafield>
  <datafield tag="260" ind1=" " ind2=" ">
    <subfield code="a">Dar Es Salaam:</subfield>
    <subfield code="b">National Bureau of Statistics,</subfield>
    <subfield code="c">2006.</subfield>
  </datafield>
  <datafield tag="300" ind1=" " ind2=" ">
    <subfield code="a">xiii, 503p;</subfield>
    <subfield code="b">Tables,</subfield>
    <subfield code="c">30cm.-</subfield>
  </datafield>
  <datafield tag="650" ind1=" " ind2=" ">
    <subfield code="2">CENSUS</subfield>
  </datafield>
  <datafield tag="942" ind1=" " ind2=" ">
    <subfield code="2">ddc</subfield>
    <subfield code="c">BOOKS</subfield>
  </datafield>
  <datafield tag="952" ind1=" " ind2=" ">
    <subfield code="0">0</subfield>
    <subfield code="1">0</subfield>
    <subfield code="2">ddc</subfield>
    <subfield code="4">0</subfield>
    <subfield code="7">0</subfield>
    <subfield code="a">3000</subfield>
    <subfield code="b">3000</subfield>
    <subfield code="d">2020-04-03</subfield>
    <subfield code="l">0</subfield>
    <subfield code="p">10000002446</subfield>
    <subfield code="r">2020-04-03</subfield>
    <subfield code="w">2020-04-03</subfield>
    <subfield code="y">BOOKS</subfield>
  </datafield>
  <datafield tag="952" ind1=" " ind2=" ">
    <subfield code="0">0</subfield>
    <subfield code="1">0</subfield>
    <subfield code="2">ddc</subfield>
    <subfield code="4">0</subfield>
    <subfield code="7">0</subfield>
    <subfield code="a">3000</subfield>
    <subfield code="b">3000</subfield>
    <subfield code="d">2020-04-03</subfield>
    <subfield code="l">0</subfield>
    <subfield code="p">10000002447</subfield>
    <subfield code="r">2020-04-03</subfield>
    <subfield code="w">2020-04-03</subfield>
    <subfield code="y">BOOKS</subfield>
  </datafield>
  <datafield tag="952" ind1=" " ind2=" ">
    <subfield code="0">0</subfield>
    <subfield code="1">0</subfield>
    <subfield code="2">ddc</subfield>
    <subfield code="4">0</subfield>
    <subfield code="7">0</subfield>
    <subfield code="a">3000</subfield>
    <subfield code="b">3000</subfield>
    <subfield code="d">2020-04-03</subfield>
    <subfield code="l">0</subfield>
    <subfield code="p">10000002448</subfield>
    <subfield code="r">2020-04-03</subfield>
    <subfield code="w">2020-04-03</subfield>
    <subfield code="y">BOOKS</subfield>
  </datafield>
</record>
